| 000 | 00000nam##2200000za#4500 |
| 001 | 9.535244 |
| 003 | CaOODSP |
| 005 | 20210615084009 |
| 007 | ta |
| 008 | 150406|1999||||xxc||||| f|0| 0 eng|d |
| 020 | |a0-662-66127-3 |
| 040 | |aCaOODSP|beng |
| 041 | |aeng |
| 041 | |afre |
| 043 | |an-cn--- |
| 086 | 1 |aH113-2/2-1999 |
| 110 | 1 |aCanada. |bPest Management Regulatory Agency. |
| 245 | 10|aFact sheet on the regulation of pesticides in Canada |
| 260 | |aOttawa - Ontario : |bHealth Canada. |c1999. |
| 300 | |aEnglish text, 6p. ; |c28 cm. |
| 490 | 1 |aFact sheet |
| 546 | |aBilingual |
| 563 | |aSoftcover |
| 590 | |a01-42|b2001-10-19 |
| 690 | 07|aPesticides|2gcpds |
| 776 | 0#|tFact sheet on the regulation of pesticides in Canada |w(CaOODSP)9.572771 |
| 776 | 0#|tFiche technique sur la réglementation des pesticides au Canada |w(CaOODSP)9.603043 |
| 792 | |tFiche technique sur la réglementation des pesticides au Canada |efre|w(CaOODSP)9.535245 |
| 830 | #0|aFact sheet.|w(CaOODSP)9.509376 |